Music Quiz

Random Music or Missing Word Quiz

First Word Band Names II Quiz Stats

 Plays Quiz Updated Jul 21, 2018

Score 0/30 Timer 04:00
7 Plays Today
First Word % Correct
Black
97.4%
Bee
96.9%
Duran
96.4%
Earth,
95.9%
Goo
95.6%
Kings
89.9%
Fall
88.5%
Tears
87.5%
My
86.9%
Dave
81.7%
Stone
81.5%
Men
81.3%
One
80.8%
Depeche
79.7%
Florence
75.8%
First Word % Correct
Right
75.2%
Franz
75.1%
System
74.2%
Twenty
69.6%
ZZ
67%
Three
66.1%
Mumford
65.8%
Bowling
64.8%
Matchbox
64.8%
Arctic
60.5%
Katrina
57.2%
Five
54.5%
Bone
49.6%
Zac
48.8%
Alabama
37.4%

You're not logged in!

Compare scores with friends on all Sporcle quizzes.
OR
Log In

Sporcle TV

Today on Sporcle TV


Watch our educational content, quiz creation guides, and fun videos on Sporcle TV.

Show Comments

Extras

Top Quizzes Today


Score Distribution

Your Account Isn't Verified!

In order to create a playlist on Sporcle, you need to verify the email address you used during registration. Go to your Sporcle Settings to finish the process.

Report this User

Report this user for behavior that violates our Community Guidelines.

Details: